000 00568nam a2200145 a 4500
008 120416s1981 ||||||||||||||||| || u
050 _aRA 967 Cam
100 _aCammock, Ruth Margaret
245 1 0 _aPrimary health care buildings
246 _abriefing and design guide for architects and their clients
260 _aLondon
_bArchitectural Press
_c1981
300 _a93p. : ill.
350 _a0.00
995 _D0.00
_FCBU-MAIN LIBRARY (Kitwe)
_H1
_I0.00
_M1
_UAVAILABLE
_WApr 10, 2007
_ZAnnex Low-Usage Collection
999 _c54451
_d54451